Študijné programy. Akademický rok 2014/2015. FIIT

Enregistré dans:
Détails bibliographiques
Format: Livre
Langue:slovaque
Publié: Bratislava: STU, 2014
Édition:1. vyd.
Sujets:
Tags: Ajouter un tag
Pas de tags, Soyez le premier à ajouter un tag!

MARC

LEADER 00000nam a22000003a 4500
001 0016642
003 SK-STU
005 20160823153041.0
007 ta
008 160823s ----xo-----e------000-0-----d
040 |a STU  |b slo 
041 0 |a slo 
245 1 0 |a Študijné programy. Akademický rok 2014/2015. FIIT 
250 |a 1. vyd. 
260 |a Bratislava:  |b STU,  |c 2014 
300 |a 192 s. 
650 0 7 |a študijné programy 
996 |c I*7968  |l II680  |s P  |a 0  |w 0016642_0001 
996 |c I*7969  |l II680  |s P  |a 0  |w 0016642_0002